Statistiques concernant Les personnages de Naruto

Cliquez ici pour prendre le quiz!

Statistiques générales

  • Ce quiz a été pris 160 fois
  • Le résultat moyen est 85 sur 148

Statistiques - réponses

Réponse% Correct
Madara Uchiwa
95%
Orochimaru
95%
Sasuke Uchiwa
95%
Kisame Hoshigaki
87%
Rin Nohara
87%
Tsunade
87%
Ino Yamanaka
86%
Itachi Uchiwa
85%
Tenten
84%
Tobi
84%
Hinata Hyûga
83%
Kakashi Hatake
83%
Rock Lee
83%
Tobirama Senju
83%
Chôji Akimichi
82%
Gaï Maito
82%
Minato Namikaze
82%
Naruto Uzumaki
82%
Gaara
81%
Hiruzen Sarutobi
81%
Kurama
81%
Shikamaru Nara
81%
Jiraya
80%
Nagato
80%
Sakura Haruno
80%
Danzô Shimura
78%
Deidara
78%
Iruka Umino
78%
Killer B
78%
Obito Uchiwa
78%
Neji Hyûga
77%
Saï
77%
Shino Aburame
77%
Temari
77%
Kabuto Yakushi
76%
Karin
76%
Kiba Inuzuka
76%
Sasori
76%
Shizune
76%
Zabuza Momochi
76%
Hidan
75%
Kankurô
75%
Sakumo Hatake
75%
Shisui Uchiwa
75%
Yamato
75%
Zetsu Blanc
75%
Akamaru
74%
Hashirama Senju
74%
Konan
74%
Zetsu Noir
74%
A (4eme Raikage)
73%
Chiyo
72%
Kakuzu
72%
Konohamaru Sarutobi
72%
Kurenaï Yûhi
71%
Shikaku Nara
70%
Kushina Uzumaki
69%
Asuma Sarutobi
68%
Kaguya Ôtsutsuki
68%
Son Gokû
68%
Shukaku
67%
Hagoromo Ôtsutsuki
66%
Haku
65%
A (3eme Raikage)
63%
Gamabunta
63%
Jûgo
63%
Kimimaro
63%
Meï Terumî
62%
Suigetsu Hôzuki
62%
Yahiko
62%
Gyûki
61%
Pakkun
61%
Hanzô
60%
Jûbi
59%
Ônoki
59%
Teuchi
59%
Matatabi
58%
Ebisu
56%
Darui
55%
Chôza Akimichi
54%
Dan Katô
54%
Gamakichi
54%
Mifune
54%
Utakata
54%
Anko Mitarashi
53%
Asura Ôtsutsuki
53%
Indra Ôtsutsuki
53%
Hanabi Hyûga
52%
Fugaku Uchiwa
51%
Isobu
51%
Jirôbô
51%
Baki
49%
Inoichi Yamanaka
49%
Kinkaku
49%
48%
Tonton
47%
Moegi Kazamatsuri
46%
Ginkaku
45%
Yagura Karatachi
45%
Ibiki Morino
44%
Omoï
44%
Rasa
44%
Sakon et Ukon
44%
Udon Ise
44%
Han
43%
Hiashi Hyûga
43%
Hizashi Hyûga
43%
Mizuki
43%
Rôshi
43%
Izuna Uchiwa
42%
Karui
42%
Samui
42%
Tayuya
42%
41%
Katsuyu
41%
Saiken
41%
Chôjûrô
40%
Chômei
40%
Kokuô
40%
Enma
38%
Gamatatsu
38%
Kidômaru
38%
Yugito Nii
38%
Ao
34%
Fukasaku
33%
Hamura Ôtsutsuki
33%
Mangetsu Hôzuki
32%
Torune Aburame
32%
Akatsuchi
31%
Manda
30%
Fû Yamanaka
29%
Gengetsu Hôzuki
29%
Guren
29%
Kotetsu Hagane
28%
Kurotsuchi
28%
Aoba Yamashiro
23%
Izumo Kamizuki
23%
Ameyuri Ringo
20%
Koharu Utatane
18%
Shima
18%
Chiriku
17%
Ayame
16%
Jinpachi Munashi
16%
Homura Mitokado
15%
Jinin Akebino
11%
Kushimaru Kuriarare
11%
Fuguki Suikazan
10%
Kitsuchi
10%

Distribution des résultats

Percentile par nombre de réponses

% des personnes avec chaque résultat

Votre développement - résultats

Vous n’avez pas pris ce quiz